header

Language typology 1988 (Record no. 116149)

MARC details
000 -LEADER
fixed length control field 01959nam a2200397 a 4500
082 04 - DEWEY DECIMAL CLASSIFICATION NUMBER
Classification number 410
245 00 - TITLE STATEMENT
Title Language typology 1988
260 ## - PUBLICATION, DISTRIBUTION, ETC. (IMPRINT)
Place of publication Amsterdam ;
-- Philadelphia :
Name of publisher J. Benjamins Pub. Co.,
Year of publication 1991.
300 ## - PHYSICAL DESCRIPTION
Number of Pages 182 p. :
Other physical details map.
490 1# - SERIES STATEMENT
Series statement Amsterdam studies in the theory and history of linguistic science. Series IV, Current issues in linguistic theory,
500 ## - GENERAL NOTE
General note Based on the meeting held in Leningrad, June 13-15, 1988, the last in the series of linguistic conferences inaugurated by IREX (International Research and Exchanges Board) in 1984.
650 #0 - SUBJECT ADDED ENTRY--TOPICAL TERM
Topical Term Reconstruction (Linguistics)
Topical Term Linguistic models.
Topical Term Typology (Linguistics)
700 1# - ADDED ENTRY--PERSONAL NAME
Personal name Lehmann, Winfred P.
Personal name Hewitt, Helen-Jo J.
856 40 - ELECTRONIC LOCATION AND ACCESS
Uniform Resource Identifier http://site.ebrary.com/lib/rucke/Doc?id=10508963

No items available.

© 2026 Rongo University
Contact us: librarian | system librarian | Rongo university